| 000 | 01094nam a2200301 i 4500 | ||
|---|---|---|---|
| 003 | DO-SdBNP | ||
| 005 | 20240626105806.0 | ||
| 007 | ta | ||
| 008 | 240626b1983 sp a || 000 0 spa d | ||
| 020 | _a8432047333 | ||
| 040 |
_aDO-SdBNP _bspa _cBNPHU _erda |
||
| 082 | 4 |
_222 _bD615 |
|
| 100 | 1 |
_aDitfurth, Hoimar von _eautor _d1921-1989 _985833 |
|
| 240 |
_aWir sind nicht nur von dieser welt _lalemán |
||
| 245 | 1 | 0 |
_aNo somos sólo de este mundo : _bciencia y religión no se excluyen ni contradicen / _cHoimar von Ditfurth ; traducción Alfonsina Janés Nadal |
| 264 |
_aBarcelona, España : _bPlaneta, _c1983. |
||
| 300 |
_a243 páginas : _bilustraciones _c24 cm. |
||
| 336 |
_2rdacontent _atexto _btxt |
||
| 337 |
_2rdamedia _asin mediación _bn |
||
| 338 |
_2rdacarrier _avolumen _bnc |
||
| 490 | _aAl filo del tiempo | ||
| 500 | _aIncluye datos biografícos del autor en las solapas. | ||
| 590 | _aInventariado, 2024/ YL | ||
| 700 |
_a Janés Nadal, Alfonsina _e traducción _985747 |
||
| 700 |
_aVezzoso, Virginia _etraducción _985830 |
||
| 910 | _aYLockward | ||
| 942 |
_2ddc _cLBS1 |
||
| 999 |
_c57011 _d57011 |
||